MARC details
| 000 -LEADER |
| fixed length control field |
02381cam a2200457 a 4500 |
| 001 - CONTROL NUMBER |
| control field |
14681028 |
| 003 - CONTROL NUMBER IDENTIFIER |
| control field |
EG-ScBUE |
| 005 - DATE AND TIME OF LATEST TRANSACTION |
| control field |
20220323145159.0 |
| 008 - FIXED-LENGTH DATA ELEMENTS--GENERAL INFORMATION |
| fixed length control field |
061226s2007 nju f b 001 0 eng d |
| 020 ## - INTERNATIONAL STANDARD BOOK NUMBER |
| International Standard Book Number |
9780691128757 (cloth : alk. paper) |
| 020 ## - INTERNATIONAL STANDARD BOOK NUMBER |
| International Standard Book Number |
0691128758 (cloth : alk. paper) |
| 035 ## - SYSTEM CONTROL NUMBER |
| System control number |
(OCoLC)ocm77520719 |
| 035 ## - SYSTEM CONTROL NUMBER |
| System control number |
(OCoLC)77520719 |
| 040 ## - CATALOGING SOURCE |
| Original cataloging agency |
DLC |
| Language of cataloging |
eng |
| Description conventions |
rda |
| Transcribing agency |
DLC |
| Modifying agency |
YDX |
| -- |
BTCTA |
| -- |
BAKER |
| -- |
OCLCQ |
| -- |
YDXCP |
| -- |
IAY |
| -- |
AFQ |
| -- |
DLC |
| -- |
EG-ScBUE |
| 043 ## - GEOGRAPHIC AREA CODE |
| Geographic area code |
a-is--- |
| 082 04 - DEWEY DECIMAL CLASSIFICATION NUMBER |
| Classification number |
892.4093520 |
| Edition number |
22 |
| Item number |
HOC |
| 100 1# - MAIN ENTRY--PERSONAL NAME |
| Personal name |
Hochberg, Gil Z., |
| Dates associated with a name |
1969- |
| Relator term |
author. |
| 245 10 - TITLE STATEMENT |
| Title |
In spite of partition : |
| Remainder of title |
Jews, Arabs, and the limits of separatist imagination / |
| Statement of responsibility, etc |
Gil Z. Hochberg. |
| 264 #1 - PUBLICATION, DISTRIBUTION, ETC. (IMPRINT) |
| Place of publication, distribution, etc |
Princeton, New Jersey : |
| Name of publisher, distributor, etc |
Princeton University Press, |
| Date of publication, distribution, etc |
2007. |
| 300 ## - PHYSICAL DESCRIPTION |
| Extent |
xiii, 192 pages ; |
| Dimensions |
24 cm |
| 336 ## - CONTENT TYPE |
| Source |
rdacontent |
| Content type term |
text |
| Content type code |
txt |
| 337 ## - MEDIA TYPE |
| Source |
rdamedia |
| Media type term |
unmediated |
| Media type code |
n |
| 338 ## - CARRIER TYPE |
| Source |
rdacarrier |
| Carrier type term |
volume |
| Carrier type code |
nc |
| 504 ## - BIBLIOGRAPHY, ETC. NOTE |
| Bibliography, etc |
Includes bibliographical references and index. |
| 505 0# - FORMATTED CONTENTS NOTE |
| Formatted contents note |
History, memory, identity : from the Arab Jew "we were" to the Arab Jew "we may become" -- The legacy of Levantinism : against national normality -- Bringing Hebrew back to its (Semitic) place : on the deterritorialization of language -- Too Jewish and too Arab or who is the (Israeli) subject? -- Memory, forgetting, love : the limits of national memory. |
| 650 #7 - SUBJECT ADDED ENTRY--TOPICAL TERM |
| Topical term or geographic name as entry element |
Palestinian Arabs in literature. |
| Source of heading or term |
BUEsh |
| 9 (RLIN) |
41494 |
| 650 #7 - SUBJECT ADDED ENTRY--TOPICAL TERM |
| Topical term or geographic name as entry element |
Israeli fiction |
| General subdivision |
History and criticism. |
| Source of heading or term |
BUEsh |
| 650 #7 - SUBJECT ADDED ENTRY--TOPICAL TERM |
| Topical term or geographic name as entry element |
Jewish-Arab relations in literature. |
| Source of heading or term |
BUEsh |
| 650 #7 - SUBJECT ADDED ENTRY--TOPICAL TERM |
| Topical term or geographic name as entry element |
Jews in literature. |
| Source of heading or term |
BUEsh |
| 650 #7 - SUBJECT ADDED ENTRY--TOPICAL TERM |
| Topical term or geographic name as entry element |
Arab-Israeli conflict |
| General subdivision |
Literature and the conflict. |
| Source of heading or term |
BUEsh |
| 650 #7 - SUBJECT ADDED ENTRY--TOPICAL TERM |
| Topical term or geographic name as entry element |
Arabic fiction |
| Geographic subdivision |
Palestine |
| General subdivision |
History and criticism. |
| Source of heading or term |
BUEsh |
| 650 #7 - SUBJECT ADDED ENTRY--TOPICAL TERM |
| Topical term or geographic name as entry element |
Zionism in literature. |
| Source of heading or term |
BUEsh |
| 651 #7 - SUBJECT ADDED ENTRY--GEOGRAPHIC NAME |
| Geographic name |
Israel |
| General subdivision |
Ethnic relations. |
| Source of heading or term |
BUEsh |
| 9 (RLIN) |
41749 |
| 653 ## - INDEX TERM--UNCONTROLLED |
| Resource For college |
Humanities: English |
| Arrived date list |
March2022 |
| 655 ## - INDEX TERM--GENRE/FORM |
| Form subdivision |
Reading book |
| 9 (RLIN) |
34232 |
| 856 41 - ELECTRONIC LOCATION AND ACCESS |
| Materials specified |
Table of contents only |
| Uniform Resource Identifier |
<a href="http://www.loc.gov/catdir/toc/ecip077/2006103037.html">http://www.loc.gov/catdir/toc/ecip077/2006103037.html</a> |
| 856 42 - ELECTRONIC LOCATION AND ACCESS |
| Materials specified |
Publisher description |
| Uniform Resource Identifier |
<a href="http://www.loc.gov/catdir/enhancements/fy0726/2006103037-d.html">http://www.loc.gov/catdir/enhancements/fy0726/2006103037-d.html</a> |
| 856 42 - ELECTRONIC LOCATION AND ACCESS |
| Materials specified |
Contributor biographical information |
| Uniform Resource Identifier |
<a href="http://www.loc.gov/catdir/enhancements/fy0734/2006103037-b.html">http://www.loc.gov/catdir/enhancements/fy0734/2006103037-b.html</a> |
| 942 ## - ADDED ENTRY ELEMENTS (KOHA) |
| Source of classification or shelving scheme |
Dewey Decimal Classification |
| Koha item type |
Book - Borrowing |